COMPARISON OF THE CORROSIVE EFFECTS OF SOME SELECTED DISINFECTANTS UNDER LABORATORY CONDITIONS

Bibliographic Details
Main Authors: Ondrašovič, Miloslav, 1947- (Author), Rosocha, Ján, 1960-2022 (Author), Ondrašovičová, Oľga, 1951-2014 (Author), Vargová, M. (Author)
Format: Article
Language:English

MARC

LEADER 00000nab a2200000 a 4500
001 vtls011112480
003 SK-MaSNL
005 20260303190433.0
008 230218|1988 xo |||||||||||||||||eng|
015 |a SNBRB 
035 |a (uuid)87c8ae08-7300-45af-bce0-aa61a1fb6e4b 
035 |a (urnnbn)urn:nbn:sk:snk:ar-a08gb0 
035 |a urn:nbn:sk:snk-ab9iv7 
040 |a SNKBUCL  |b slo  |c SNKBUCL  |e AACR2 
041 0 |a eng 
044 |a xo  |c SK 
100 1 |a Ondrašovič, Miloslav,  |d 1947-  |4 aut  |9 108842 
245 1 0 |a COMPARISON OF THE CORROSIVE EFFECTS OF SOME SELECTED DISINFECTANTS UNDER LABORATORY CONDITIONS  |c M. Ondrašovič, J. Rosocha, O. Ondrašovičová, M. Vargová 
700 1 |a Rosocha, Ján,  |d 1960-2022  |4 aut  |9 224562 
700 1 |a Ondrašovičová, Oľga,  |d 1951-2014  |4 aut  |9 194466 
700 1 |a Vargová, M.  |4 aut  |9 286671 
773 0 |t Folia veterinaria  |g Roč. 32, č. 1 (1988), s. 100-112 
958 |a OND 
958 |a EUIPO 
958 |a article13 
999 |c 2136233  |d 2138163